=LDR 00000nam 2200000 4500 =001 001043 =005 20250712033708 =035 ##$$a 0010-0725000923 =007 ta =008 250712################a##########0#ind## =020 ##$$a 98-623-307-725-5 =082 ##$$a 398.209 598 =084 ##$$a 398.209 598 MUK s =100 #$$a mukuka,chisanga =245 1#$$a Siapa anak kecil itu? /$c chisanga mukuka =250 ##$$a pertama =260 ##$$a Jakarta :$b Badan pengembangan dan pembinaan bahasa,$c 2022 =300 ##$$a 20 hlm. : $b ilus. ; $c 22,9 cm =650 #4$$a Cerita anak Indonesia terjemahan =650 #4$$a Literasi bahan bacaan =990 ##$$a TBM202401004